Labour Costs as Measured by the Sample Survey (Record no. 6450)

MARC details
000 -LEADER
fixed length control field 00599nam a22002177i 4500
001 - CONTROL NUMBER
control field 7589
003 - CONTROL NUMBER IDENTIFIER
control field OSt
005 - DATE AND TIME OF LATEST TRANSACTION
control field 20170126082402.0
007 - PHYSICAL DESCRIPTION FIXED FIELD--GENERAL INFORMATION
fixed length control field tu
008 - FIXED-LENGTH DATA ELEMENTS--GENERAL INFORMATION
fixed length control field 161220s xxu||||| |||| 00| 0 d
024 7# - OTHER STANDARD IDENTIFIER
Standard number or code 7589
Source of number or code RID
024 7# - OTHER STANDARD IDENTIFIER
Standard number or code 7589
Source of number or code RSN (alt)
040 ## - CATALOGING SOURCE
Transcribing agency OSt
110 2# - MAIN ENTRY--CORPORATE NAME
Corporate name or jurisdiction name as entry element Czech Statistical Office
245 00 - TITLE STATEMENT
Title Labour Costs as Measured by the Sample Survey
260 ## - PUBLICATION, DISTRIBUTION, ETC.
Place of publication, distribution, etc. CR.
490 ## - SERIES STATEMENT
Series statement Labour Costs as Measured by the Sample Survey
500 00 - GENERAL NOTE
General note Available Online: http://www.czso.cz/eng/edicniplan.nsf/aktual/ep-3?opendocument#31
856 ## - ELECTRONIC LOCATION AND ACCESS
Uniform Resource Identifier <a href="http://www.czso.cz">http://www.czso.cz</a>
866 #0 - TEXTUAL HOLDINGS--BASIC BIBLIOGRAPHIC UNIT
-- 1996-2005
942 ## - ADDED ENTRY ELEMENTS (KOHA)
Koha item type Statistics
Holdings
Withdrawn status Lost status Damaged status Not for loan Home library Current library Shelving location Date acquired Inventory number Total Checkouts Barcode Date last seen Price effective from Koha item type
        WIIW WIIW Library 07/18/2007 7589   10003561 01/26/2017 01/26/2017 Statistics
The Vienna Instiute for International Economic Studies (wiiw)